00333cam a2200145ua 45000010005000000080039000050400009000440410012000530820014000651000017000792450043000962500009001392600024001483000015001728485110809n II |||gr||||Z||||||eng aMAIN aEnglish a332.4 SET aSETH , M.L . aMONEY BANKING AND INTERNATIONAL TRADE  a5TH. a[s.l:bs.n.]c1985. a770.a667.